[Event "IRI-ch U14"]
[Site "Chess.com INT"]
[Date "2021.01.16"]
[Round "5"]
[White "Mashhadi Merdasi, Mohammad Mahdi"]
[Black "Nezamdoust, Amir Mohammad"]
[Result "0-1"]
[WhiteElo "1224"]
[BlackElo "1620"]
[PlyCount "82"]
[EventDate "2021.01.16"]
[EventType "swiss"]
[EventRounds "11"]
[EventCountry "IRI"]
[SourceTitle "EXT 2022"]
[Source "ChessBase"]
[SourceDate "2021.10.06"]
[SourceVersion "1"]
[SourceVersionDate "2021.10.06"]
[SourceQuality "1"]

1. e4 e6 2. d4 d5 3. exd5 exd5 4. Nc3 Bb4 5. Bd3 Nc6 6. Nge2 Nge7 7. Be3 Bf5 8. 0-0 0-0 9. a3 Ba5 10. Nf4 Bxc3 11. bxc3 Qd7 12. Re1 Rfe8 13. Rb1 b6 14. Ne2 Bxd3 15. Qxd3 Na5 16. Ng3 Nc4 17. Nf1 Nxa3 18. Rb3 Nc4 19. Nd2 Nxd2 20. Qxd2 Nc6 21. Re2 Na5 22. Rb1 Nc4 23. Qd3 a5 24. Ra1 a4 25. Ra2 f5 26. Bf4 Rxe2 27. Qxe2 Re8 28. Qd1 Re4 29. g3 Qe7 30. Kg2 a3 31. Qh5 g6 32. Qh6 Re1 33. f3 Qe2+ 34. Kh3 Qxf3 35. Qg5 Qg4+ 36. Qxg4 fxg4+ 37. Kxg4 c6 38. Kg5 Kg7 39. h4 h5 40. Bc7 Re4 41. Bxb6 Rg4# 0-1

[Event "Gilan Friendship Cup"]
[Site "Gilan"]
[Date "2014.11.30"]
[Round "1"]
[White "Aryanejad, Hossein"]
[Black "Nezamdoust, Amir Mohammad"]
[Result "1-0"]
[WhiteElo "2192"]
[BlackElo "1313"]
[PlyCount "43"]
[EventDate "2014.11.30"]
[EventType "swiss"]
[EventRounds "9"]
[EventCountry "IRI"]
[SourceTitle "CBM 163 Extra"]
[Source "ChessBase"]
[SourceDate "2014.12.23"]
[SourceVersion "1"]
[SourceVersionDate "2014.12.23"]
[SourceQuality "1"]

1. e4 e5 2. Nf3 Nc6 3. Bc4 Bc5 4. c3 Nf6 5. d3 d6 6. Nbd2 a6 7. Bb3 0-0 8. h3 Be6 9. Nf1 Qd7 10. Ng3 Rfe8 11. Bg5 Qe7 12. Nh5 Rad8 13. Qd2 Kh8 14. Bxf6 gxf6 15. Qh6 Rg8 16. Nxf6 Rg7 17. Ng5 Nb8 18. h4 Nd7 19. Nh5 f6 20. Qxg7+ Qxg7 21. Nxg7 Kxg7 22. Nxe6+ 1-0